• 首页
  • 本馆介绍
  • 公告通知
  • 最新文献
  • 馆藏检索
  • 电子资源
  • 读者荐购
  • 参考咨询
  • CALIS
  • 我的图书馆
  • 登录
  • 详细信息显示
  • 放入我的书架
  • 预约/预借图书
  • 作者相关作品
  • 分类相关作品
  • 丛书相关作品
  • 出版社相关作品

书目信息

  • 表格格式
  • 工作单格式
  • 卡片格式
题名:
工程造价管理
    
 
作者: 谷莹莹 , 方业博 , 关永冰 主编
分册:  
出版信息: 北京   北京理工大学出版社  2013
页数: 288页
开本: 26cm
丛书名:
单 册:
中图分类: TU723.31
科图分类:
主题词: 建筑造价管理
电子资源:
ISBN: 978-7-5640-7824-9
 
 
 
 
 
000 00857nam0 2200241 450
001 141303
005 20141106134207.34
010    @a978-7-5640-7824-9@dCNY 48.00
100    @a20130927d2013 em y0chiy50 ea
101 0  @achi
102    @aCN@b110000
105    @ay z 000yy
200 1  @a工程造价管理@9gong cheng zao jia guan li@b专著@f关永冰,谷莹莹,方业博主编
210    @a北京@c北京理工大学出版社@d2013
215    @a288页@d26cm
330    @a本书把工程造价管理分为8个项目进行介绍,主要内容包括建设工程造价管理概论、建设工程造价的构成、建设工程决策阶段造价管理、建设项目竣工验收阶段造价管理等。
606 0  @a建筑造价管理
690    @aTU723.31@v5
701  0 @a谷莹莹@9gu ying ying@4主编
701  0 @a方业博@9fang ye bo@4主编
701  0 @a关永冰@9guan yong bing@c(女,@f1981~)@4主编
801  0 @aCN@bZL@c20141106
905    @a241430@dTU723.31@eG555
    
    工程造价管理/关永冰,谷莹莹,方业博主编.-北京:北京理工大学出版社,2013
    288页;26cm
    
    
    ISBN 978-7-5640-7824-9:CNY 48.00
    本书把工程造价管理分为8个项目进行介绍,主要内容包括建设工程造价管理概论、建设工程造价的构成、建设工程决策阶段造价管理、建设项目竣工验收阶段造价管理等。
●
相关链接 在E读中查询图书 在当当中查询图书 在豆瓣中查询图书


正题名:工程造价管理     索取号:TU723.31/G555         预约/预借

序号 登录号 条形码 馆藏地/架位号 状态 备注
1 0837525   208375257   建筑库201/201建筑库 105排9列6层/ [索取号:TU723.31/G555] 在馆    
2 0837526   208375266   建筑库201/201建筑库 105排9列6层/ [索取号:TU723.31/G555] 在馆    
3 0837527   208375275   建筑库201/201建筑库 105排9列6层/ [索取号:TU723.31/G555] 在馆    
河南城建学院图书馆 欢迎您!
大连网信软件有限公司© 版权所有